<?xml version="1.0" encoding="UTF-8"?>
<record
    xmlns:xsi="http://www.w3.org/2001/XMLSchema-instance"
    xsi:schemaLocation="http://www.loc.gov/MARC21/slim http://www.loc.gov/standards/marcxml/schema/MARC21slim.xsd"
    xmlns="http://www.loc.gov/MARC21/slim">

  <leader>00696nam a22002057a 4500</leader>
  <controlfield tag="005">20250627122150.0</controlfield>
  <datafield tag="010" ind1=" " ind2=" ">
    <subfield code="a">ENG-145593</subfield>
  </datafield>
  <datafield tag="020" ind1=" " ind2=" ">
    <subfield code="a">9789354420917</subfield>
    <subfield code="c">985.00</subfield>
  </datafield>
  <datafield tag="035" ind1=" " ind2=" ">
    <subfield code="a">EN-129125</subfield>
  </datafield>
  <datafield tag="037" ind1=" " ind2=" ">
    <subfield code="b">DBAD</subfield>
  </datafield>
  <datafield tag="082" ind1=" " ind2=" ">
    <subfield code="a">355.033054</subfield>
  </datafield>
  <datafield tag="245" ind1=" " ind2=" ">
    <subfield code="a">Enduring and Emerging Issues in South Asian Security/</subfield>
    <subfield code="c">Edited By Sumit Ganguly [and] Dinshaw Mistry</subfield>
  </datafield>
  <datafield tag="250" ind1=" " ind2=" ">
    <subfield code="a">1</subfield>
  </datafield>
  <datafield tag="260" ind1=" " ind2=" ">
    <subfield code="a">Chennai</subfield>
    <subfield code="b">Orient Blackswan Private Limited</subfield>
    <subfield code="c">2022</subfield>
  </datafield>
  <datafield tag="270" ind1=" " ind2=" ">
    <subfield code="a">Orient Blackswan Private Limited, 160 Anna Salai,</subfield>
    <subfield code="b">Chennai</subfield>
    <subfield code="e">600002</subfield>
  </datafield>
  <datafield tag="300" ind1=" " ind2=" ">
    <subfield code="a">230p. </subfield>
    <subfield code="c">23cm(pb)</subfield>
  </datafield>
  <datafield tag="700" ind1=" " ind2=" ">
    <subfield code="a">Ganguly, Sumit </subfield>
    <subfield code="e">Editor</subfield>
    <subfield code="9">82409</subfield>
  </datafield>
  <datafield tag="700" ind1=" " ind2=" ">
    <subfield code="a">Mistry, Dinshaw </subfield>
    <subfield code="e">Editor</subfield>
    <subfield code="9">82410</subfield>
  </datafield>
  <datafield tag="942" ind1=" " ind2=" ">
    <subfield code="2">ddc</subfield>
    <subfield code="c">EN</subfield>
    <subfield code="h">355.033054</subfield>
    <subfield code="m">GAN</subfield>
  </datafield>
  <datafield tag="999" ind1=" " ind2=" ">
    <subfield code="c">211984</subfield>
    <subfield code="d">211984</subfield>
  </datafield>
  <datafield tag="952" ind1=" " ind2=" ">
    <subfield code="0">0</subfield>
    <subfield code="1">0</subfield>
    <subfield code="4">0</subfield>
    <subfield code="7">0</subfield>
    <subfield code="8">NFIC</subfield>
    <subfield code="a">ZLS</subfield>
    <subfield code="b">ZLS</subfield>
    <subfield code="d">2025-06-27</subfield>
    <subfield code="e">Delivery of Books Act Division</subfield>
    <subfield code="g">985.00</subfield>
    <subfield code="l">0</subfield>
    <subfield code="o">355.033054 GAN</subfield>
    <subfield code="p">EN-129125</subfield>
    <subfield code="r">2025-06-27 00:00:00</subfield>
    <subfield code="t">1</subfield>
    <subfield code="v">985.00</subfield>
    <subfield code="w">2025-06-27</subfield>
    <subfield code="y">EN</subfield>
  </datafield>
</record>
